| 000 | 01185nam a2200241Ia 4500 | ||
|---|---|---|---|
| 003 | GCL | ||
| 005 | 20240530102005.0 | ||
| 008 | 140319s9999 xx 000 0 ara d | ||
| 040 |
_aGCL / _cGCL |
||
| 082 | 0 | 4 |
_a962.062 _bق/م م |
| 100 | 1 | _aمحمود رياض | |
| 245 | 1 | 0 |
_aمذكرات محمود رياض 1948 - 1978 : _bمج 1 البحث عن السلام والصراع فى الشرق الاوسط - مج 2 الامن القومى العربى بين الانجاز والفشل - امريكا والعرب / _cمحمود رياض |
| 250 | _aالثانية | ||
| 260 |
_aبيروت : _bالمؤسسة العربية للدراسات والنشر ، _c1987 |
||
| 300 |
_a2 مج ؛ _c24 سم |
||
| 650 | 0 | 4 | _aالامن القومى |
| 650 | 0 | 4 | _aمصر - تاريخ - العصر الحديث - جمال عبدالناصر ( 1954-1970 ) |
| 650 | 0 | 4 | _aمصر - تاريخ - العصر الحديث - انور السادات (1971 - 1981) |
| 650 | 0 | 4 | _aالولايات المتحدة الامريكية - العلاقات الخارجية - العالم العربى |
| 650 | 0 | 4 | _aمعاهدة كامب ديفيد |
| 650 | 0 | 4 | _aمحمود رياض |
| 942 |
_2ddc _cBK |
||
| 999 |
_c29214 _d29214 |
||